Регионална библиотека "Любен Каравелов" - Русе

Современная физика об единстве физических явлений (Запис номер 408823)

MARC детайли
000 -Лидер
Контролно поле с фиксирана дължина nam a22 a 4500
003 - Код на организацията, давaща контролен номер
Контролно поле BLK
005 - Дата и час на последна редакция
Контролно поле 20210416073936.0
008 - Елементи от данни с фиксирана дължина
fixed length control field 201020b bu |||||r|||| 00| | bu d
040 ## - Източник на каталожния запис
Идентификатор на билиотеката - собственик на записа BLK
041 ## - Код за език
Код за езика на текст/звукозапис или на отделно заглавие Руски
Код за езика КДБФ Руски
072 ## - Код за тематичната категория
9 (RLIN) 178367
Код за тематична категория Ц
Текст Редки и ценни
080 ## - УДК
Текстов определител УДК Физика
УДК код - определител по УДК 53
УДК - код + определител 53
100 ## - Редна дума - Автор
R(LIN) 448783
Автор Сеже, Эмиль
Авторска отговорност първи автор
139 ## - Редно поле
Редна дума Сеже, Эмиль
245 ## - Сведения за заглавието
Заглавие Современная физика об единстве физических явлений
Редно поле (дума) Соч. Эмиля Сэже;Пер. с фр.
260 ## - Област на издателските данни
Място на издаване, разпространение и проч. Санкт-Петербург
Име на издателя, разпространителя и проч. И. И. Билибин
Година на издаване 1883
9 (RLIN) 435409
300 ## - Физическа характеристика
Страници [4], IV, 150 с.
Размери/Мащаб 20 см
380 ## - Жанр
Жанр Естествени науки. Математика
490 ## - СЕРИИ (Колекции)
9 (RLIN) 435080
Име на серия Колекция Редки и ценни издания
501 ## - Забележка „подвързано към”
Забележка: Подвързано към... Из предисл.: Соч. Сэже один из томиков известной Bibliotheque de philosophie contemporaine, изд. Жерме-Бальером. Оно есть краткое излож. соч. Секки "О единстве физических сил", [доп. соображениями] о единицах измерения и о силах органического мира
650 #0 - Допълнително описание по предмет – тема
9 (RLIN) 271528
Основно описание – тема или топоним Физика - популярна литература
852 ## - Местоположение
Форматна сигнатура Рр 883
Фондова буква Редки и ценни
999 ## - СИСТЕМНИ КОНТРОЛНИ НОМЕРА
Koha biblionumber 408823
Koha biblioitemnumber 408823
942 ## - АРТИКУЛИ
Вид на библиотечния материал Книги
Скрит в OPAC Не
Периодичен библиозапис Да
944 ## - СЪЗДАВАНЕ И РЕДАКЦИЯ на ЗАПИСА
Създаване/Редакция Създаване
Дата на регистрацията/редакция 2021-04-16
Служител, извършил регистрацията/редакцията К.Д.
Наличности
Код за отписване Код за изгубен артикул Източник на класификационната схема Код за повреда Коз за рестрикции Код за отдаване Артикулен № Име на библиотеката - собственик Име на библиотеката, в която се намира в момента Статус (Текущо местоположение) Дата на вписване в системата Местоположение - отдел Цена в лева Инвентарен номер Систематично азбучна сигнатура Баркод Цена в евро Служебен тип на артикула
  Не е изгубен Universal Decimal Classification Не е повреден само за читалня Специални фондове ( старопечатни, редки и ценни, фонд М. Арнаудов) 855734 Регионална библиотека "Любен Каравелов" Русе Регионална библиотека "Любен Каравелов" Русе Редки и ценни 2021-09-27 Редки и ценни 0.12 8710 Рр 883 900000054494 0.06 Книги
Vip Innovations Ltd, Rousse, Bulgaria 2025